Normal view
MARC view
Entry Topical Term
001 - CONTROL NUMBER
- control field: 17137
003 - CONTROL NUMBER IDENTIFIER
- control field: VITAP
005 - DATE AND TIME OF LATEST TRANSACTION
- control field: 20260219100031.0
008 - FIXED-LENGTH DATA ELEMENTS
- fixed length control field: 260219|| aca||babn | a|a d
040 ## - CATALOGING SOURCE
- Original cataloging agency: VITAP
150 ## - HEADING--TOPICAL TERM
- Topical term or geographic name entry element: History of the Hockey World Cup, About the Host, Tournament Format, Teams & Squads, Match Highlights etc.